La imagen del agua en la ciudad (Record no. 10933)

MARC details
000 -CABECERA
campo de control de longitud fija 01080nam a22002417a 4500
001 - NÚMERO DE CONTROL
campo de control BRCA_9311
003 - IDENTIFICADOR DEL NÚMERO DE CONTROL
campo de control FranzMayer
005 - FECHA Y HORA DE LA ÚLTIMA TRANSACCIÓN
campo de control 20230913115102.0
008 - DATOS DE LONGITUD FIJA--INFORMACIÓN GENERAL
campo de control de longitud fija 230816b |||||||| |||| 00| 0 eng d
020 ## - NÚMERO INTERNACIONAL ESTÁNDAR DEL LIBRO
Número Internacional Estándar del Libro 978-607-8880-00-3
040 ## - FUENTE DE LA CATALOGACIÓN
Centro catalogador/agencia de origen MFM
Lengua de catalogación español
Centro/agencia transcriptor MFM
050 #0 - SIGNATURA TOPOGRÁFICA DE LA BIBLIOTECA DEL CONGRESO
Número de clasificación TD481.M6
Número de documento/Ítem R44 2021
100 1# - ENTRADA PRINCIPAL--NOMBRE DE PERSONA
Código de función/relación Autor
Nombre de persona Reguera Mancera, Loreta Castro
9 (RLIN) 29020
240 ## - TÍTULO UNIFORME
Título uniforme La imagen del agua en la ciudad
Lenguaje de la obra esp
245 0# - MENCIÓN DE TÍTULO
Título La imagen del agua en la ciudad
260 ## - PUBLICACIÓN, DISTRIBUCIÓN, ETC.
Lugar de publicación, distribución, etc. México
Nombre del editor, distribuidor, etc. Estudios Arquitectónicos, Sistema Nacional de Creadores de Arte
Fecha de publicación, distribución, etc. 2021
300 ## - DESCRIPCIÓN FÍSICA
Extensión 242 p.
Otras características físicas Ilustraciones a color
Dimensiones 21 cm
500 ## - NOTA GENERAL
Nota general L60/N6
505 ## - NOTA DE CONTENIDO CON FORMATO
Nota de contenido con formato Texto en: españolIncluye índice temáticoIncluye bibliografía 240-242 p.Dirigido a: arquitectos, ingenieros civiles, planeadores de ciudades, o personas con interés en construcción de ciudades
650 1# - PUNTO DE ACCESO ADICIONAL DE MATERIA--TÉRMINO DE MATERIA
Fuente del encabezamiento o término Tecnología arquitectónica
Término de materia o nombre geográfico como elemento de entrada Ingeniería civil
Subdivisión de forma Sistemas de la salud
9 (RLIN) 29021
651 2# - PUNTO DE ACCESO ADICIONAL DE MATERIA--NOMBRE GEOGRÁFICO
Fuente del encabezamiento o término Abastacimientos del agua en las ciudades
Nombre geográfico Sistemas de distribución del agua
Subdivisión de forma El agua en México
9 (RLIN) 29022
942 ## - ELEMENTOS DE PUNTO DE ACCESO ADICIONAL (KOHA)
Fuente del sistema de clasificación o colocación Library of Congress Classification
Tipo de ítem Koha Libros
Holdings
Estado de retiro Estado de pérdida Fuente del sistema de clasificación o colocación Estado dañado No para préstamo Código de colección Localización permanente Ubicación/localización actual Fecha de adquisición Fuente de adquisición Total de préstamos Signatura topográfica completa Código de barras Fecha visto por última vez Precio válido a partir de Tipo de ítem Koha
El ejemplar forma parte de la colección y puede ser consultado según las políticas vigentes.   Library of Congress Classification     Fondo Contemporáneo Biblioteca del Museo Franz Mayer (Rogerio Casas-Alatriste) Biblioteca del Museo Franz Mayer (Rogerio Casas-Alatriste) 16/08/2023 Donación   TD481.M6 R44 2021 CONT10066 16/08/2023 16/08/2023 Libros